<?xml version="1.0" encoding="UTF-8"?>
<collection xmlns="http://www.loc.gov/MARC21/slim">
  <record>
    <leader>00000nam  2200000   4500</leader>
    <controlfield tag="001">INLIS000000000047034</controlfield>
    <controlfield tag="005">20221213070947</controlfield>
    <datafield tag="035" ind1="#" ind2="#">
      <subfield code="a">0010-071500000000004</subfield>
    </datafield>
    <controlfield tag="008">221213###########################0######</controlfield>
    <datafield tag="082" ind1="#" ind2="#">
      <subfield code="a">028.5</subfield>
    </datafield>
    <datafield tag="090" ind1="#" ind2="#">
      <subfield code="a">028.5 mua a.5</subfield>
    </datafield>
    <datafield tag="100" ind1="#" ind2="#">
      <subfield code="a">Ali Muakhir</subfield>
    </datafield>
    <datafield tag="245" ind1="1" ind2="#">
      <subfield code="a">Apa Itu Mubah :</subfield>
      <subfield code="b">What Is Mubah</subfield>
    </datafield>
    <datafield tag="260" ind1="#" ind2="#">
      <subfield code="a">BUMI AKSARA GRUOP</subfield>
    </datafield>
    <datafield tag="300" ind1="#" ind2="#">
      <subfield code="a">hln.31</subfield>
    </datafield>
    <datafield tag="850" ind1="#" ind2="#">
      <subfield code="a">NPBMAT</subfield>
    </datafield>
    <datafield tag="990" ind1="#" ind2="#">
      <subfield code="a">2090100880/BPAP-NTB/2015</subfield>
    </datafield>
  </record>
</collection>
